[Event "RUS-chT Premier League 2018"]
[Site "Sochi"]
[Date "2018.05.04"]
[Round "4"]
[White "Riazantsev, Alexander"]
[Black "Tsydypov, Zhamsaran"]
[Result "1-0"]
[WhiteElo "2662"]
[BlackElo "2525"]
[Annotator "TA"]
[PlyCount "59"]
[EventDate "2018.??.??"]
[EventCountry "RUS"]
[SourceTitle "playchess.com"]
[Source "ChessBase"]
[SourceQuality "1"]

{[%evp 16,59,3,0,15,13,18,5,13,11,38,31,31,31,48,17,44,38,153,-24,-23,-13,220,187,299,307,935,933,920,925,917,929,883,866,29974,29975,29975,29973,29973,29974,29988,29989,29989,1639,29975,29973]} 1. d4 Nf6 2. c4 e6 3. Nf3 d5 4. Nc3 Bb4 5. e3 O-O 6. Bd2 b6 7. cxd5 exd5 8. Rc1 {E51: Nimzo-Indian: Rubinstein: 4...0-0 5 Nf3 d5} (8. Bd3 Bb7 9. O-O Nbd7 10. Ne5 Bd6 11. f4 c5 12. Be1 cxd4 13. exd4 Ne4 14. Nb5 Be7 15. Rc1 a6 16. Rc7 Nxe5 17. fxe5 Bc8 {0-1 (43) Esipenko,A (2564)-Yu,Y (2751) Riadh 2017}) 8... Bb7 9. Bd3 {LiveBook: 22 Games} c5 10. O-O {[%cal Bh1f1,Bf1f3,Bf3h3][%mdl 32] The position is equal.} c4 11. Bb1 Nc6 12. Ne5 $146 ({Predecessor:} 12. a3 Be7 13. h3 a6 14. Nh4 g6 15. f4 Ne4 16. Nxe4 dxe4 17. g3 {0-1 (27) Nittschalk,K (1213)-Veiseh,D (1278) IECG email 2006}) 12... Re8 13. f4 Bxc3 14. Bxc3 b5 15. Rf3 Ne7 16. Rh3 Bc8 {[#]} (16... h6 $1 $14) 17. g4 $2 (17. Bxh7+ $1 $16 {[%mdl 512]} Kf8 (17... Nxh7 18. Rxh7) 18. g4) 17... Ne4 $11 {Black wants to play ...f6.} 18. Qf3 Bb7 $2 {[#]} (18... h6 $1 $11 {and Black is okay.}) 19. g5 $1 $36 {[%mdl 2048] And now Qh5 would win. White is on the roll.} Bc8 {[#]} (19... g6 $142) 20. Rxh7 $1 {[%mdl 512]} Kxh7 $2 (20... Bf5) 21. Qh5+ Kg8 22. Qxf7+ Kh7 23. Bxe4+ dxe4 {[#]} 24. Ba5 $1 {[%mdl 512]} Qxa5 25. Qh5+ Kg8 26. Qxe8+ Kh7 27. Qxe7 Bh3 28. g6+ Kg8 29. Qf7+ Kh8 30. Qd5 {Precision: White = 66%, Black = 28%.} 1-0

[Event "RUS-chT Premier League 2018"]
[Site "Sochi"]
[Date "2018.05.04"]
[Round "4"]
[White "Motylev, Alexander"]
[Black "Iljiushenok, Ilia"]
[Result "1-0"]
[WhiteElo "2660"]
[BlackElo "2520"]
[Annotator "TA"]
[PlyCount "53"]
[EventDate "2018.??.??"]
[EventCountry "RUS"]
[SourceTitle "playchess.com"]
[Source "ChessBase"]
[SourceQuality "1"]

{[%evp 13,53,24,29,27,20,23,25,29,33,37,41,44,39,44,22,39,126,121,160,150,154,151,152,154,220,224,221,217,459,461,469,467,463,445,441,451,445,414,453,453,438,435]} 1. e4 c5 2. Nf3 e6 3. d4 cxd4 4. Nxd4 Nc6 5. Nc3 a6 6. Be2 Qc7 7. Nxc6 {B47: Sicilian: Taimanov: 5 Nc3 Qc7 6 f4, 6 g3 and 6 Be2} (7. O-O Nf6 8. Be3 Be7 9. f4 d6 10. Kh1 O-O 11. Qe1 Nxd4 12. Bxd4 b5 13. Qg3 Bb7 14. a3 Bc6 15. Rae1 Rad8 16. Bd3 Qd7 17. Nd1 Nh5 18. Qg4 Nf6 19. Qg3 Nh5 20. Qh3 Nxf4 21. Rxf4 e5 22. Rg4 exd4 23. e5 g6 {½-½ (78) Kravtsiv,M (2672)-Harikrishna,P (2744) Riadh 2017}) 7... bxc6 {LiveBook: 3 Games} 8. Qd3 d5 9. Qg3 $146 {The position is equal.} ({Predecessor:} 9. exd5 cxd5 10. Qe3 Nf6 11. Qf3 Bb7 12. Qf4 Bd6 13. Qh4 O-O 14. O-O Be5 {1-0 (24) Lara,W-Silva,J Brazil CXEB 1994}) 9... Qxg3 10. hxg3 Rb8 11. b3 Bb4 12. Bd2 Nf6 13. O-O-O O-O 14. f3 c5 ({Black should play} 14... h6 $14) 15. exd5 $16 Bxc3 16. Bxc3 {dxe6 is the strong threat.} Nxd5 17. Be5 Rb6 18. c4 $36 {[%mdl 2048] Black is under strong pressure.} Ne3 (18... f6 $16 19. cxd5 fxe5) 19. Rd6 $18 Rb7 20. Rc6 ({Don't take} 20. Rxa6 $6 Rxb3 21. Ra5 (21. axb3 Bxa6 22. Bf4 Nd5 $16) 21... Rb6 $16) 20... Nxg2 $2 {[#]} (20... Rd7 {is a better defense.} 21. Bd6 (21. Rxc5 f6 $16) 21... Rfd8 22. Bxc5 Nf5) 21. Bd6 Bd7 22. Rxa6 Rc8 23. Rh2 Ne3 24. g4 Bc6 25. Bf4 Nd5 26. cxd5 Bxd5 27. Ra4 {Precision: White = 96%, Black = 52%.} 1-0

[Event "RUS-chT Premier League 2018"]
[Site "Sochi"]
[Date "2018.05.04"]
[Round "4"]
[White "Khismatullin, Denis"]
[Black "Gelfand, Boris"]
[Result "1/2-1/2"]
[WhiteElo "2632"]
[BlackElo "2695"]
[Annotator "TA"]
[PlyCount "87"]
[EventDate "2018.??.??"]
[EventCountry "RUS"]
[SourceTitle "playchess.com"]
[Source "ChessBase"]
[SourceQuality "1"]

{[%evp 13,87,29,26,4,4,7,19,14,23,19,41,20,31,18,29,29,35,32,22,18,36,-24,-23,-31,-20,-52,-44,-41,0,0,0,0,13,16,13,22,38,41,22,7,16,0,0,0,0,0,0,0,0,0,0,-7,-7,-7,-7,-7,-7,-76,-54,-66,-53,-70,-35,-37,0,0,0,-7,-7,-7,0,0,0,0,0,0]} 1. e4 c5 2. Nf3 Nc6 3. Bb5 g6 4. Bxc6 bxc6 5. O-O Bg7 6. Re1 Nh6 7. c3 O-O 8. h3 {B31: Sicilian: 2...Nc6 3 Bb5 g6} f5 9. e5 Nf7 10. d3 d6 {[%cal Rd6e5]} 11. Bf4 Ba6 12. Na3 Rb8 13. b3 g5 14. Nxg5 Nxg5 15. Bxg5 dxe5 {[#]} 16. Nc4 $146 e4 17. dxe4 ({Better is} 17. Re3 $14) 17... Bxc4 $11 18. bxc4 {[#] Hoping for Re3.} Bxc3 19. Qf3 Bxa1 20. Rxa1 Qd4 21. Re1 $1 Qg7 ({Reject} 21... Qxc4 $6 22. Bxe7 Rfe8 23. Qg3+ (23. exf5 Qf7 $16) 23... Kf7 24. exf5 $16) 22. Qe3 $1 {Black should prevent Bh6.} e5 {[%cal Be7e5,Be5e4][%mdl 32] [#] White must now prevent ...f4.} 23. exf5 Rxf5 24. Bh4 Re8 25. Qxc5 Re6 26. Rd1 Rf8 27. Rd3 e4 28. Rg3 Rg6 29. Rxg6 Qxg6 30. Qxa7 {[%mdl 4096] Endgame KQR-KQB} Qh6 $1 {[%cal Rh6h4]} 31. Bg3 e3 $1 $36 {[%cal Re3e2][%mdl 2048] And now ...e2 would win. Black is more active.} 32. fxe3 ({But not} 32. Qxe3 Qxe3 33. fxe3 Ra8 $17) 32... Qg7 $1 {[%cal Rg7a7]} 33. Qxg7+ Kxg7 {KR-KB} 34. Bd6 Rd8 35. Bb4 (35. c5 $11 {remains equal.}) 35... Rd1+ $17 36. Kf2 Rc1 37. c5 $1 Rc2+ 38. Kf3 Rxa2 39. Bc3+ $1 {The position is equal.} Kf7 40. g3 Ke6 41. Bd4 Kd5 42. g4 Rh2 43. Kg3 Rh1 44. Kg2 {Precision: White = 63%, Black = 69%.} 1/2-1/2

[Event "RUS-chT Premier League 2018"]
[Site "Sochi"]
[Date "2018.05.04"]
[Round "4"]
[White "Paravyan, David"]
[Black "Vitiugov, Nikita"]
[Result "1/2-1/2"]
[WhiteElo "2631"]
[BlackElo "2735"]
[Annotator "TA"]
[PlyCount "110"]
[EventDate "2018.??.??"]
[EventCountry "RUS"]
[SourceTitle "playchess.com"]
[Source "ChessBase"]
[SourceQuality "1"]

{[%evp 14,110,27,18,23,22,26,26,35,35,32,31,31,31,42,18,30,18,27,25,28,26,34,26,29,29,26,13,29,20,29,28,50,50,50,50,50,35,35,35,43,43,43,41,49,31,80,72,70,64,68,57,56,45,62,30,81,56,62,2,2,0,0,0,0,0,0,0,0,0,0,-13,-8,-8,0,0,0,0,0,0,0,0,0,0,0,0,0,-8,-8,-8,0,0,0,0,0,0,0,0,0]} 1. e4 c5 2. Nf3 e6 3. d4 cxd4 4. Nxd4 Nc6 5. Nc3 a6 6. Be3 Nf6 7. a3 Be7 8. f4 {LiveBook: 3 Games. B46: Sicilian: Taimanov: 5 Nc3 a6} (8. Qf3 O-O 9. O-O-O Qc7 10. Be2 b5 11. Qg3 Ne5 12. f4 Bxa3 13. Kb1 Bxb2 14. fxe5 Nh5 15. Bxh5 Bxc3 {0-1 (56) Vallejo Pons,F (2684)-Andreikin,D (2720) Berlin 2015}) 8... d5 9. e5 Nd7 $1 10. g3 {White has an edge.} Bc5 11. Qd2 Nxd4 12. Bxd4 Bxd4 13. Qxd4 Qb6 14. O-O-O $146 ({Predecessor:} 14. Qxb6 Nxb6 15. a4 Bd7 16. b3 Ke7 17. Ne2 Nc8 {1-0 (51) Muhren,W (2193)-Bet,J (2118) Willemstad 2003}) 14... Qxd4 15. Rxd4 b6 16. Bg2 Bb7 17. Rhd1 O-O-O 18. b3 Kc7 19. Kb2 Nb8 20. h4 h5 21. Ne2 Nc6 22. R4d3 Ne7 23. Nd4 Kb8 24. Bh3 g6 25. a4 Rc8 26. Nf3 Nc6 27. Ng5 Rc7 28. R3d2 Re8 29. Rh2 a5 30. g4 hxg4 31. Bxg4 Ba6 32. h5 gxh5 33. Bxh5 Rf8 34. Rf2 Nb4 (34... Nd8 $11 {keeps the balance.}) 35. Rdd2 Bc8 36. f5 (36. Bg4 $14) 36... exf5 $11 {The position is equal.} 37. c3 Nc6 38. Rxd5 Re7 39. Re2 f6 40. exf6 Rxe2+ 41. Bxe2 {[#] aiming for f7.} Rxf6 42. Kc1 Kc7 43. Kd2 Rg6 44. Nh3 $1 Be6 45. Rb5 $1 Na7 46. Nf4 {[#] Threatens to win with Re5.} Nxb5 47. Nxg6 {[%mdl 4096] Endgame KBN-KBN} Nd6 48. c4 Ne4+ 49. Ke3 Kd6 50. Bd3 Nc5 51. Bc2 Bd7 52. Nh4 Ke5 53. Ng6+ Kd6 54. Nh4 Be6 55. Kf4 ({Much worse is} 55. Bxf5 Nxb3 56. Bxe6 Kxe6 $17) 55... Bd7 {Precision: White = 61%, Black = 62%.} 1/2-1/2

[Event "RUS-chT Premier League 2018"]
[Site "Sochi"]
[Date "2018.05.04"]
[Round "4"]
[White "Lysyj, Igor"]
[Black "Khanin, Semen"]
[Result "1-0"]
[WhiteElo "2630"]
[BlackElo "2472"]
[Annotator "TA"]
[PlyCount "69"]
[EventDate "2018.??.??"]
[EventCountry "RUS"]
[SourceTitle "playchess.com"]
[Source "ChessBase"]
[SourceQuality "1"]

{[%evp 19,69,36,29,21,25,0,30,0,31,26,31,37,64,73,64,60,57,57,59,67,61,58,98,84,69,53,108,101,97,64,52,31,31,31,31,35,34,41,72,13,333,330,378,377,341,331,624,631,891,890,864,801]} 1. d4 Nf6 2. c4 e6 3. Nf3 a6 4. Nc3 d5 5. cxd5 exd5 6. Bg5 {D37: Queen's Gambit Declined: 5 Bf4} Be6 7. e3 Nbd7 8. Bd3 h6 9. Bf4 g5 10. Bg3 Nh5 {LiveBook: 48 Games} 11. Be5 $146 ({Predecessor:} 11. Nd2 Nxg3 12. hxg3 {1-0 (46) Karjakin,S (2753)-Caruana,F (2811) Wijk aan Zee 2018}) 11... Nhf6 12. Bg3 Nh5 $1 13. Be5 Nhf6 14. Qa4 g4 15. Nd2 b5 16. Bxf6 $1 Nxf6 17. Qc2 $36 {[%mdl 2048] White fights for an advantage.} h5 18. a4 b4 19. Ne2 Bd6 20. Nf4 Bxf4 21. exf4 Qd6 22. g3 Kf8 (22... O-O-O $14) 23. O-O h4 24. Rfc1 hxg3 25. hxg3 Ne4 $1 26. Nxe4 dxe4 27. Bxe4 Rd8 28. Re1 Bd5 29. Rad1 (29. Rac1 $16) 29... f5 $2 {[%mdl 8192] [#]} (29... Rh5 $11 {and Black has nothing to worry.}) 30. Bg2 $18 Be6 31. Re5 Rh6 32. Rde1 Bd7 $2 (32... Kf7 33. a5 Rf6) 33. Rd5 {White is clearly winning.} Qb6 34. a5 Qc6 35. Qxc6 {Precision: White = 62%, Black = 52%.} 1-0

[Event "RUS-chT Premier League 2018"]
[Site "Sochi"]
[Date "2018.05.04"]
[Round "4"]
[White "Zvjaginsev, Vadim"]
[Black "Chernobay, Artem"]
[Result "1/2-1/2"]
[WhiteElo "2625"]
[BlackElo "2510"]
[Annotator "TA"]
[PlyCount "58"]
[EventDate "2018.??.??"]
[EventCountry "RUS"]
[SourceTitle "playchess.com"]
[Source "ChessBase"]
[SourceQuality "1"]

{[%evp 9,58,6,4,12,27,-40,-36,-46,-45,-46,-35,-37,-40,-42,-21,-18,-29,-43,-39,-36,-44,-40,-48,-51,-29,-46,-40,-51,-31,-95,-91,-98,-74,-97,-88,-102,-93,-94,-81,-136,-47,-43,-61,-48,0,0,0,-69,0,0,0]} 1. e4 {[%cal Be2e4,Be4e5][%mdl 32]} c5 2. Nf3 Nf6 3. e5 Nd5 4. Bc4 (4. Nc3 e6 5. Nxd5 exd5 6. d4 Nc6 7. dxc5 Bxc5 8. Bd3 d6 9. exd6 Qxd6 10. O-O O-O 11. Re1 h6 12. h3 Bd7 13. Be3 d4 14. Bd2 Rfe8 15. a3 Qd5 16. b4 Bd6 17. c4 dxc3 18. Rxe8+ Rxe8 19. Bxc3 {½-½ (29) So,W (2792)-Mamedyarov,S (2804) Wijk aan Zee 2018}) 4... Nb6 5. d3 d5 6. exd6 {B29: Sicilian: 2 Nf3 Nf6 (Nimzowitsch Variation)} Qxd6 7. O-O (7. Bb3 $11) 7... Nxc4 $15 8. dxc4 {Black is slightly better.} Qxd1 9. Rxd1 Bg4 10. Nc3 Nc6 11. Be3 $146 ({Predecessor:} 11. Nb5 Rc8 {0-1 (41) Dugic,N-Kolanovic,D (1617) Vukovar 2013}) 11... e6 12. Nb5 Rc8 13. b3 Be7 14. h3 Bxf3 15. gxf3 b6 16. Bf4 f6 17. Kg2 g5 18. Be3 Rd8 19. a4 (19. f4 $15) 19... Kf7 $17 20. a5 a6 {[#] ...Rxd1 is the strong threat.} 21. Nc7 Nxa5 22. Nxa6 Nc6 23. Nc7 Nb4 24. Rdc1 (24. Rxd8 $142 Rxd8 25. c3) 24... Rc8 (24... f5 $17 {aiming for ...f4.} 25. c3 Nd3) 25. Ra7 $15 Nc6 26. Rb7 Na5 27. Ra7 Nc6 28. Rb7 Na5 ({Black should play} 28... Rb8 $15 29. Rxb8 Rxb8) 29. Ra7 $11 Nc6 {Precision: White = 58%, Black = 56%.} 1/2-1/2

[Event "RUS-chT Premier League 2018"]
[Site "Sochi"]
[Date "2018.05.04"]
[Round "4"]
[White "Romanov, Evgeny"]
[Black "Artemiev, Vladislav"]
[Result "1/2-1/2"]
[WhiteElo "2619"]
[BlackElo "2701"]
[Annotator "TA"]
[PlyCount "61"]
[EventDate "2018.??.??"]
[EventCountry "RUS"]
[SourceTitle "playchess.com"]
[Source "ChessBase"]
[SourceQuality "1"]

{[%evp 17,61,13,23,5,5,10,8,6,12,-6,9,7,4,4,12,0,0,-20,-14,-5,-3,-2,-7,-11,-2,-16,0,0,0,0,0,0,0,0,0,0,0,0,0,0,0,0,0,0,0,0]} 1. e4 c5 2. Nf3 d6 3. Bb5+ Bd7 4. c4 Nc6 5. d4 cxd4 6. Nxd4 g6 {B54: Sicilian: 2...d6 3 d4 cxd4 4 Nxd4, Unusual Lines} 7. Nc3 Bg7 8. Be3 Nf6 9. f3 O-O {LiveBook: 20 Games} 10. Bxc6 bxc6 {The position is equal.} 11. O-O e5 12. Nde2 Be6 13. Qa4 $146 d5 (13... Qc7 {feels hotter.} 14. b3 a5 15. Rad1 Rfd8 16. Rd2 Rac8) 14. cxd5 cxd5 15. exd5 Nxd5 16. Nxd5 Qxd5 17. Rfd1 Qb7 18. Rd2 Rfd8 19. Rad1 Rxd2 20. Rxd2 e4 21. Nf4 exf3 {Strongly threatening ...Bf5.} 22. Nxe6 fxe6 23. Qg4 fxg2 24. Qxe6+ Kh8 25. Bd4 Bxd4+ 26. Rxd4 $11 {KQR-KQR} Rc8 27. Qf6+ Kg8 28. Qe6+ Kh8 29. Qf6+ Kg8 30. Qe6+ Kh8 {[#] ( -> ...Rc1+)} 31. Qf6+ {Precision: White = 55%, Black = 73%.} 1/2-1/2

[Event "RUS-chT Premier League 2018"]
[Site "Sochi"]
[Date "2018.05.04"]
[Round "4"]
[White "Kobalia, Mikhail"]
[Black "Najer, Evgeniy"]
[Result "1/2-1/2"]
[WhiteElo "2601"]
[BlackElo "2674"]
[Annotator "TA"]
[PlyCount "75"]
[EventDate "2018.??.??"]
[EventCountry "RUS"]
[SourceTitle "playchess.com"]
[Source "ChessBase"]
[SourceQuality "1"]

{[%evp 31,75,-4,-9,-8,0,0,0,0,0,0,0,-29,-11,-14,-4,-22,-18,-27,-20,-21,35,3,23,7,148,166,135,0,0,0,0,0,0,0,0,0,0,0,0,0,0,0,0,0,0,0]} 1. e4 c5 2. Nf3 Nc6 3. d4 cxd4 4. Nxd4 e6 5. Nc3 Qc7 6. Be2 a6 7. O-O Nf6 8. Be3 Be7 9. f4 d6 10. Kh1 O-O 11. Qe1 Nxd4 12. Bxd4 b5 13. a3 Nd7 {B85: Sicilian Scheveningen: 6 Be2 a6, lines with early Be3} (13... Bb7 14. Qg3 Rad8 15. Rae1 Qd7 16. Bd3 Nh5 17. Qg4 Nf6 18. Qg3 Nh5 19. Qg4 Nf6 20. Qg3 Nh5 21. Qg4 Nf6 22. Qg3 {½-½ (24) Andreikin,D (2712)-Grischuk,A (2772) Huaian 2017}) 14. Qg3 Bf6 15. Rad1 Bb7 16. Bxf6 Nxf6 {LiveBook: 6 Games} 17. Qe3 Rfd8 18. Bf3 Qc5 $146 ({Predecessor:} 18... Rac8 19. Rd2 {1-0 (50) Schoenmakers,N (1866)-Schoenenborn,W (2010) Prague 2015}) 19. Rfe1 h6 20. Rd4 Nd7 21. Qd2 Nb6 {[#] Threatens to win with ...Nc4.} 22. Be2 Rd7 23. Rd1 {[%cal Rd4d6]} Rad8 24. Qc1 e5 25. R4d3 {[%cal Bd4d3,Bd3g3,Bg3g6][%mdl 32]} a5 (25... Na4 $11) 26. Rg3 {And now f5 would win.} exf4 $1 27. Qxf4 b4 (27... Qe5 $11 {remains equal.} 28. Qe3 Nc4 29. Bxc4 bxc4) 28. Qf6 $16 {[%csl Gg3][%cal Rf6g7]} g6 29. Bg4 (29. Nd5 $16 Bxd5 30. Rh3) 29... bxc3 $11 {[#]The position is equal.} 30. Be6 $1 {[%mdl 512] Intending Qxg6+ and mate.} Bxe4 (30... fxe6 31. Rxg6+) 31. Rxg6+ $1 Bxg6 32. Qxg6+ Kh8 33. Qxh6+ Kg8 34. Qg6+ Kh8 $1 ({But not} 34... Kf8 $2 35. Rf1 $18) 35. Qf6+ Kg8 $1 36. Qg6+ Kh8 $1 ({Wrong is} 36... Kf8 $2 37. Rf1 $18) 37. Qf6+ Kg8 $1 38. Qg6+ {Precision: White = 55%, Black = 44%.} 1/2-1/2

[Event "RUS-chT Premier League 2018"]
[Site "Sochi"]
[Date "2018.05.04"]
[Round "4"]
[White "Sarana, Alexey"]
[Black "Dubov, Daniil"]
[Result "1/2-1/2"]
[WhiteElo "2588"]
[BlackElo "2696"]
[Annotator "TA"]
[PlyCount "83"]
[EventDate "2018.??.??"]
[EventCountry "RUS"]
[SourceTitle "playchess.com"]
[Source "ChessBase"]
[SourceQuality "1"]

{[%evp 15,83,14,35,23,33,33,21,0,31,-31,-31,-31,-30,0,10,-62,-50,-51,-58,-97,-91,-100,-37,-27,-45,-48,-48,-48,-53,-113,-110,-117,-109,-101,-20,-51,-60,-12,-8,-8,-11,-21,-20,-20,-21,-21,-16,-16,-16,-24,-20,-25,-8,-12,-13,-14,0,-8,0,-36,-8,-8,-8,-8,-8,-8,0,0,0,-10]} 1. d4 Nf6 2. c4 g6 3. Nc3 d5 4. Bg5 Ne4 5. Bf4 Nxc3 6. bxc3 Bg7 7. e3 O-O {D80: Grünfeld: Unusual White 4th moves and 4 Bg5} 8. Nf3 c6 {LiveBook: 6 Games} (8... c5 $5) (8... c5 9. cxd5 Qxd5 10. Qb3 Be6 11. Qxd5 Bxd5 12. Be2 Nc6 13. O-O Rfc8 14. Rfd1 cxd4 15. cxd4 Nb4 16. Rd2 a5 17. Ne1 Bc4 18. Bxc4 Rxc4 {½-½ (50) Ju,W (2572)-Puranik,A (2520) chess.com INT 2018}) 9. Be2 Qa5 {White has an edge.} 10. Qb3 dxc4 11. Qxc4 b5 $146 ({Predecessor:} 11... Nd7 12. Qb4 {½-½ (12) Kantorik,M (2270)-Hagara,E (2424) Slovakia 2013}) 12. Qb4 (12. Qb3 $14) 12... Qxb4 $15 13. cxb4 a5 14. bxa5 Be6 15. Kd2 ({Better is} 15. Ng5 $11) 15... Rxa5 16. Rhc1 Bd5 17. Bd1 Nd7 18. Bb3 Rfa8 (18... Bxf3 $17 19. gxf3 c5) 19. Bxd5 cxd5 20. Rab1 Bf8 21. Ke1 b4 22. Rxb4 (22. Rc2 $15) 22... e5 $1 $17 23. Rb7 exf4 24. Rxd7 fxe3 ({Black should try} 24... Rxa2 $17 25. Kf1 (25. exf4 Re8+ 26. Kf1 Ree2 $17) (25. Rxd5 $2 fxe3 26. fxe3 Rxg2 $19) 25... fxe3 26. fxe3 Bh6) 25. fxe3 Rxa2 26. Kf1 $1 Bh6 27. Re1 R8a3 28. Rxd5 Bxe3 29. Re2 Ra1+ 30. Re1 Rxe1+ 31. Kxe1 $11 {[%mdl 4096] Endgame KRB-KRN} Bf4 32. Kf2 Ra2+ 33. Kf1 Kg7 34. Rb5 Kf6 35. Rb3 Ra1+ 36. Kf2 Ra2+ 37. Kf1 h5 38. g3 {The position is equal.} Bd6 39. Rb6 Ke7 40. Rb7+ Kf6 41. Rb6 Ke7 42. Rb7+ {Precision: White = 55%, Black = 53%.} 1/2-1/2

[Event "RUS-chT Premier League 2018"]
[Site "Sochi"]
[Date "2018.05.04"]
[Round "4"]
[White "Maletin, Pavel"]
[Black "Shirov, Alexei"]
[Result "1-0"]
[WhiteElo "2572"]
[BlackElo "2644"]
[Annotator "TA"]
[PlyCount "47"]
[EventDate "2018.??.??"]
[EventCountry "RUS"]
[SourceTitle "playchess.com"]
[Source "ChessBase"]
[SourceQuality "1"]

{[%evp 22,47,-12,-16,-20,-15,0,4,6,0,0,21,21,25,127,0,157,162,445,436,432,457,433,379,1157,1132,997,588]} 1. d4 d5 2. c4 c6 3. Nf3 Nf6 4. Nc3 e6 5. g3 dxc4 6. Bg2 b5 {[%cal Bb7b5,Bb5b4][%mdl 32]} 7. Ne5 a6 {E04: Open Catalan: 5 Nf3} 8. O-O Bb7 9. b3 b4 10. Ne4 Nxe4 11. Bxe4 c3 12. a3 {LiveBook: 5 Games} a5 13. axb4 axb4 {[#]} 14. Rxa8 $146 ({Predecessor:} 14. Bf4 Nd7 15. Bxc6 Bxc6 16. Nxc6 {1-0 (38) Ding,L (2778)-So,W (2775) Shanghai 2016}) 14... Bxa8 15. Qd3 Bd6 16. Bf4 g5 17. Be3 {Ra1 is the strong threat.} f5 (17... Bxe5 $1 $11 {keeps the balance.} 18. dxe5 Qxd3 19. Bxd3 Nd7) 18. Ra1 (18. Bxf5 $1 $16 Bxe5 19. dxe5 exf5 20. Qxf5) 18... Bb7 $2 {[#]} (18... Bxe5 $1 $11 19. Rxa8 (19. dxe5 fxe4 20. Qxe4 Bb7 $11) 19... fxe4 20. Qxe4 Bd6) 19. Ra7 $1 $36 {[%cal Ra7b7][%mdl 2048] White is in control.} Qb6 $2 (19... fxe4 20. Qxe4 Qb6 {[#]} 21. Nc4 $3 $11 {[%mdl 512]}) (19... Bxe5 20. dxe5 Ba6 21. Qxd8+ (21. Rxa6 Qxd3 22. Bxd3 Nxa6 $11) 21... Kxd8 22. Bxg5+ Kc8) 20. Qc4 $18 Bc8 21. Bxc6+ Nxc6 22. d5 (22. Nxc6 f4 $16) 22... Bc5 $2 ({But not} 22... Qxa7 $2 23. Qxc6+ Ke7 24. Bxg5+ Kf8 25. Qxc8+ Kg7 26. Qxe6 $18) (22... Bxe5 23. Bxb6 Nxa7 24. Bxa7 Kf7) 23. Bxc5 Nxe5 24. Qd4 {Precision: White = 68%, Black = 33%.} (24. Bxb6 $2 {perishes.} Nxc4 25. Bd4 c2 $19) 1-0

[Event "RUS-chT Premier League 2018"]
[Site "Sochi"]
[Date "2018.05.04"]
[Round "4"]
[White "Yuffa, Daniil"]
[Black "Matlakov, Maxim"]
[Result "1/2-1/2"]
[WhiteElo "2566"]
[BlackElo "2704"]
[Annotator "TA"]
[PlyCount "112"]
[EventDate "2018.??.??"]
[EventCountry "RUS"]
[SourceTitle "playchess.com"]
[Source "ChessBase"]
[SourceQuality "1"]

{[%evp 18,112,8,8,7,2,5,0,0,0,0,0,20,0,0,0,0,0,0,0,-21,-35,-9,-7,-5,-3,-6,-10,-29,-10,0,-24,0,0,0,-20,0,0,0,0,0,0,0,0,0,0,0,0,6,0,0,-7,-5,-15,-6,-57,-59,-65,-31,-33,-27,-23,-9,-18,-12,-18,-10,-22,-21,-68,-17,-13,-11,-8,-12,-14,-10,-25,-22,-18,0,0,0,0,0,0,0,0,0,0,0,0,0,0,0,0,0]} 1. d4 Nf6 2. c4 e6 3. g3 Bb4+ 4. Bd2 Be7 5. Bg2 d5 6. Nf3 O-O 7. O-O Nbd7 8. Qc2 c6 9. Rd1 b6 10. Bf4 Ba6 {E08: Closed Catalan: Main Line: 7 Qc2} (10... Bb7 11. Ne5 Nh5 12. Bd2 Nhf6 13. cxd5 cxd5 14. Nc6 Bxc6 15. Qxc6 a6 16. a4 Rc8 17. Qb7 Nb8 18. Na3 Qc7 19. Qxc7 Rxc7 {½-½ (52) Cheparinov,I (2710)-Kuzubov,Y (2699) Riadh 2017}) 11. Ne5 Rc8 12. Nc3 Bxc4 13. Nxc4 dxc4 14. e4 {[%cal Be2e4,Be4d5][%mdl 32]} b5 15. d5 cxd5 16. exd5 {[#] aiming for d6.} e5 17. d6 exf4 18. Nxb5 Rc5 $146 19. a4 a6 20. dxe7 Qxe7 21. Nd6 fxg3 22. hxg3 h5 23. Rd4 Rb8 24. Rad1 Nf8 25. Rxc4 Rxc4 26. Nxc4 Ne6 27. Ne5 Qb4 28. Rd2 Re8 29. Nc6 Qg4 $1 30. Ne5 Qb4 31. Nc6 Qg4 $1 32. Ne5 Qg5 33. Qc3 Qf5 34. Re2 {[#]} h4 $1 {[%mdl 512]} 35. Qd3 (35. gxh4 Nf4) 35... Qh5 {Hoping for ...hxg3.} 36. Bf3 (36. Nc6 $11) 36... Qg5 $15 37. Kh2 Qh6 38. Kg2 hxg3 39. fxg3 Rd8 40. Qc4 Rd1 41. Qc8+ Nf8 {( -> ...Qh1+)} 42. Qh3 Qc1 {White must now prevent ...Qc5.} 43. Qh4 Ne6 (43... Qc5 $15 44. Rf2 Rd4) 44. Qc4 $1 $11 Rg1+ 45. Kh2 Qxc4 46. Nxc4 Ra1 47. b3 Nd4 48. Re3 {The position is equal.} g5 49. Rd3 Ra2+ 50. Kg1 Nxf3+ 51. Rxf3 {[%mdl 4096] Endgame KRN-KRN} Ne4 52. Re3 f5 53. g4 Ra1+ 54. Kg2 Ra2+ 55. Kg1 Ra1+ 56. Kg2 Ra2+ {Precision: White = 57%, Black = 66%.} 1/2-1/2